Hibah dalam undang-undang Islam : prinsip & amalan

Bibliographic Details
Main Author: Nasrul Hisyam Nor Muhamad (Author)
Format: Book
Language:Malay
Published: Skudai, Johor : Penerbit Universiti Teknologi Malaysia 2011
Subjects:

MARC

LEADER 00000cam a2200000 7i4500
001 0000027960
005 20241120.0
008 180409 my may
020 |a 9789835208096 
040 |a INS   |b eng   |e rda 
090 0 0 |a BP158.I45   |b N345 2011 
100 0 |a Nasrul Hisyam Nor Muhamad ,   |e author 
245 1 0 |a Hibah dalam undang-undang Islam :   |b prinsip & amalan   |c Nasrul Hisyam Nor Nur Muhamad 
264 1 |a Skudai, Johor :   |b Penerbit Universiti Teknologi Malaysia   |c 2011 
264 4 |a ©2011 
300 |a xxvii, 281 pages ;   |c 23 cm. 
336 |a text  |2 rdacontent 
337 |a unmediated  |2 rdamedia 
338 |a volume  |2 rdacarrier 
500 |a Include index 
504 |a Includes bibliographical references : pages 257-279 
650 0 |a Inheritance and succession (Islamic law)   |z Malaysia. 
650 0 |a Wills (Islamic law)   |z Malaysia 
999 |a 1000003409   |b BOOK   |c Open Shelf   |e Default branch 
999 |a 1000003410   |b BOOK   |c Open Shelf   |e Default branch